| 000 | 00348nam a2200133Ia 4500 | ||
|---|---|---|---|
| 005 | 20251222144649.0 | ||
| 008 | 251222s9999||||xx |||||||||||||| ||spa|| | ||
| 020 | _a84-370-6338-8 | ||
| 082 | _a378.125/B16 | ||
| 100 | _aBain, Ken | ||
| 245 | 0 | _aLo que hacen los Mejores Profesores de Universidad | |
| 264 | _bUniversidad de Valencia | ||
| 942 | _cLIB | ||
| 999 |
_c17000 _d17000 |
||